[Event "RUS-ch Rapid 2021"]
[Site "Sochi"]
[Date "2021.10.12"]
[Round "3.21"]
[White "Smirnov, Timofey"]
[Black "Bologan, Victor"]
[Result "0-1"]
[WhiteElo "2409"]
[BlackElo "2574"]
[Annotator "ChessBase"]
[PlyCount "76"]
[EventDate "2021.10.12"]
[EventType "swiss"]
[EventCountry "RUS"]
[SourceTitle "playchess.com"]
[Source "ChessBase"]
[SourceQuality "1"]
[TimeControl "900+10"]

1. e4 {[%emt 0:00:04]} c5 {[%emt 0:00:06]} 2. Nf3 {[%emt 0:00:04]} e6 {[%emt 0:
00:00]} 3. d4 {[%emt 0:00:00]} cxd4 {[%emt 0:00:05]} 4. Nxd4 {[%emt 0:00:08]}
a6 {[%emt 0:00:01]} 5. c4 {[%emt 0:00:05]} Nf6 {[%emt 0:00:11]} 6. Nc3 {
[%emt 0:00:00]} Bb4 {[%emt 0:00:02]} 7. Qd3 {[%emt 0:00:17]} Qc7 {[%emt 0:00:
05]} 8. Bd2 {[%emt 0:00:19]} Nc6 {[%emt 0:00:13]} 9. Nb3 {[%emt 0:00:53]} O-O {
[%emt 0:02:17]} 10. a3 {[%emt 0:02:10]} Be7 {[%emt 0:00:57]} 11. Be2 {[%emt 0:
00:13]} Ne5 {[%emt 0:01:36]} 12. Qd4 {[%emt 0:01:03]} Ng6 {[%emt 0:00:45]} 13.
O-O {[%emt 0:00:52]} b6 {[%emt 0:02:41]} 14. Be3 {[%emt 0:00:39]} Bd6 {[%emt 0:
02:10]} 15. h3 {[%emt 0:05:59]} Rb8 {[%emt 0:00:20]} 16. Qd2 {[%emt 0:01:46]}
Bb7 {[%emt 0:00:05]} 17. Bd3 {[%emt 0:01:12]} Be5 {[%emt 0:01:42]} 18. f3 {
[%emt 0:00:21]} Nh5 {[%emt 0:00:49]} 19. Ne2 {[%emt 0:00:02]} Ngf4 {[%emt 0:00:
26]} 20. Nxf4 {[%emt 0:00:15]} Nxf4 {[%emt 0:00:00]} 21. Be2 {[%emt 0:01:41]}
f5 {[%emt 0:00:33]} 22. exf5 {[%emt 0:00:27]} Rxf5 {[%emt 0:00:00]} 23. Rfd1 {
[%emt 0:00:09]} Rf7 {[%emt 0:01:00]} 24. Rac1 {[%emt 0:00:13]} Nh5 {[%emt 0:00:
10]} 25. c5 {[%emt 0:00:18]} b5 {[%emt 0:00:13]} 26. Qa5 {[%emt 0:00:04]} Bh2+
{[%emt 0:00:11]} 27. Kf1 {[%emt 0:00:00]} Qe5 {[%emt 0:00:16]} 28. Qc3 {
[%emt 0:00:00]} Ng3+ {[%emt 0:00:35]} 29. Ke1 {[%emt 0:00:06]} Nxe2 {[%emt 0:
00:18]} 30. Qxe5 {[%emt 0:00:37]} Bxe5 {[%emt 0:00:01]} 31. Kxe2 {[%emt 0:00:
05]} Bxb2 {[%emt 0:00:04]} 32. Rc2 {[%emt 0:00:04]} Bxa3 {[%emt 0:00:04]} 33.
Bd2 {[%emt 0:00:23]} Bd5 {[%emt 0:00:07]} 34. Rb1 {[%emt 0:00:05]} Bc4+ {
[%emt 0:00:07]} 35. Ke3 {[%emt 0:00:02]} Rc8 {[%emt 0:00:30]} 36. Kd4 {[%emt 0:
00:03]} Rf5 {[%emt 0:00:13]} 37. Ba5 {[%emt 0:00:30]} Rd5+ {[%emt 0:00:04]} 38.
Ke3 {[%emt 0:00:01]} Rd3+ {[%emt 0:00:15]} 0-1

[Event "RUS-ch Rapid 2021"]
[Site "Sochi"]
[Date "2021.10.12"]
[Round "3.22"]
[White "Iljiushenok, Ilia"]
[Black "Grebnev, Aleksey"]
[Result "1/2-1/2"]
[WhiteElo "2554"]
[BlackElo "2469"]
[Annotator "TA"]
[PlyCount "132"]
[EventDate "2021.10.12"]
[EventType "swiss"]
[EventCountry "RUS"]
[SourceTitle "playchess.com"]
[Source "ChessBase"]
[SourceQuality "1"]

{[%evp 13,132,-6,-8,-3,0,0,0,0,0,-12,31,20,14,0,0,-20,-16,-10,-8,-13,-14,-64,
-56,-133,-135,-178,-183,-181,-139,-140,-141,-129,-113,-134,-138,-129,-129,-133,
-131,-178,-130,-136,0,0,0,0,9,6,25,27,20,0,341,0,0,-14,-14,-125,-129,-250,-254,
-286,-24,-17,-17,-17,-8,-12,-8,-8,0,0,0,0,0,0,0,-47,-47,-47,-47,-47,-28,-28,
-28,-47,-34,-54,-47,-106,-47,-72,-40,-57,-50,-67,0,0,0,-18,0,0,0,0,-31,-47,-47,
-47,-47,-47,-47,-47,0,-13,0,0,0,0,0,-8,0]} 1. c4 Nf6 2. Nc3 e5 3. Nf3 Nc6 4. e4
Bc5 5. Nxe5 Nxe5 6. d4 Bb4 7. dxe5 Nxe4 $1 8. Qf3 $1 {[%mdl 4] is recently
more successful than 8.Qd4. A28: English Opening: Four Knights Variation.} Nxc3
9. bxc3 Ba5 10. Bf4 O-O 11. O-O-O {[#]} d6 $146 ({Predecessor:} 11... Qe7 12.
Kb2 Qe6 13. Rd5 a6 14. Bd3 b5 15. Rd4 Rb8 16. c5 Qe7 17. Bd2 b4 {1/2-1/2 (45)
Nepomniachtchi,I (3089)-Drygalov,S (2900) Chess.com INT 2020}) 12. exd6 cxd6
13. Rxd6 Qe7 14. Bd3 Bc7 15. Rd4 Qa3+ 16. Kb1 Bxf4 17. Rxf4 Be6 18. Re1 (18.
Qe3 $15) 18... g6 $17 19. Qe2 Qxc3 20. Rc1 Qb4+ 21. Qb2 Qd6 22. Rd4 Qc5 23. Be4
Rad8 24. Bd5 Rd6 25. Ka1 Rfd8 26. Rd3 b6 27. h4 Bxd5 (27... h5 $17 28. Qd2 Bxd5
29. cxd5 Rxd5 30. Rxc5 Rxd3 31. Qxd3 Rxd3) 28. cxd5 $11 Qa5 29. h5 $1 h6 (29...
gxh5 {keeps more tension.} 30. Qe5 Qb4 31. Rd4 Qb5 32. Qxh5 Qd7) 30. hxg6 $1
Rxg6 31. f4 Qa6 32. Rdc3 (32. Rd4 {feels hotter.} b5 33. f5 Rf6 34. g4 Qb6 35.
Rd3) 32... Qb7 $2 {[%mdl 8192] [#]} (32... Qa5 $11 {and Black stays safe.}) 33.
Rc6 $2 (33. f5 $1 $18 {[%cal Rf5g6]} Rg4 34. Rc6) 33... Qe7 34. f5 Rgd6 35. f6
(35. g4 $11) 35... Qe4 $17 36. Qc3 (36. Rxd6 $17 Rxd6 37. Rc8+ Kh7 38. Rc7)
36... Rxd5 $19 37. Rc4 Qe5 (37... Qxg2 $19 38. Qe3 h5) 38. Rg4+ $1 $11 Kf8 {
aiming for ...Rc8!} 39. Qxe5 Rxe5 {[%mdl 4096] Endgame KRR-KRR} 40. Rh4 h5 41.
g4 $1 Re4 42. Rxh5 {[%cal Rh5h8] [#]} Rxg4 43. Rh8+ Rg8 44. Rh7 Rg6 45. Rc7
Rd1+ 46. Kb2 {Rc8+ would kill now.} Rxf6 {White must now prevent ...Rd2+.} 47.
Rxa7 Kg8 48. Rh2 Rg1 49. a4 Rg5 50. Ra8+ Kg7 51. Rhh8 (51. Rh3 $15) 51... Kg6 (
{Black should play} 51... Rf2+ $17 52. Kc3 Rf3+ 53. Kd4 Rf4+ 54. Kd3 Rg3+ 55.
Ke2 Rb3) 52. Kc3 Rd6 53. Rag8+ Kf5 54. Rb8 Kg4 (54... Rg3+ $15 55. Kc4 Rg4+ 56.
Kb5 Rdd4) 55. Rh1 f6 56. Rf1 Rc5+ 57. Kb3 Rg5 (57... Kh5 {looks sharper.} 58.
Kb4 Rg5 59. Rh8+ Kg6 60. Rg8+ Kh7) 58. Kc3 Kh5 59. Rh1+ Kg6 60. Rf1 Rc6+ 61.
Kb3 Re6 62. Rf4 f5 63. Rb4 {The position is equal.} Rg3+ 64. Ka2 {Hoping for
Rg8+.} Rg2+ 65. Ka3 $1 {Strongly threatening Rg8+.} Rg3+ 66. Ka2 $1 {Threatens
to win with Rg8+.} Rg2+ {Weighted Error Value: White=0.27/Black=0.31} 1/2-1/2

[Event "RUS-ch Rapid 2021"]
[Site "Sochi"]
[Date "2021.10.12"]
[Round "3.23"]
[White "Demidov, Mikhail"]
[Black "Shcherbin, Matvei"]
[Result "0-1"]
[WhiteElo "2551"]
[BlackElo "2366"]
[Annotator "ChessBase"]
[PlyCount "55"]
[EventDate "2021.10.12"]
[EventType "swiss"]
[EventCountry "RUS"]
[SourceTitle "playchess.com"]
[Source "ChessBase"]
[SourceQuality "1"]
[TimeControl "900+10"]

1. Nf3 {[%emt 0:00:00]} Nf6 {[%emt 0:00:04]} 2. g3 {[%emt 0:00:12]} e6 {
[%emt 0:00:02]} 3. Bg2 {[%emt 0:00:00]} d5 {[%emt 0:00:02]} 4. c4 {[%emt 0:00:
04]} Be7 {[%emt 0:00:02]} 5. O-O {[%emt 0:00:00]} O-O {[%emt 0:00:00]} 6. b3 {
[%emt 0:00:02]} b6 {[%emt 0:00:27]} 7. Bb2 {[%emt 0:00:02]} Bb7 {[%emt 0:00:00]
} 8. e3 {[%emt 0:00:08]} dxc4 {[%emt 0:00:48]} 9. bxc4 {[%emt 0:00:04]} Nbd7 {
[%emt 0:00:21]} 10. Qe2 {[%emt 0:00:05]} c5 {[%emt 0:00:06]} 11. d3 {[%emt 0:
00:14]} Qc7 {[%emt 0:01:00]} 12. Nc3 {[%emt 0:00:06]} Rad8 {[%emt 0:00:42]} 13.
Rfd1 {[%emt 0:00:02]} Rfe8 {[%emt 0:01:46]} 14. a4 {[%emt 0:00:18]} a5 {
[%emt 0:01:01]} 15. Rab1 {[%emt 0:00:38]} Nb8 {[%emt 0:00:13]} 16. Nb5 {
[%emt 0:00:08]} Qc6 {[%emt 0:00:17]} 17. Be5 {[%emt 0:01:39]} Na6 {[%emt 0:00:
54]} 18. Na7 {[%emt 0:03:09]} Qd7 {[%emt 0:00:12]} 19. Rxb6 {[%emt 0:00:34]}
Ng4 {[%emt 0:05:21]} 20. Bc3 {[%emt 0:01:54]} Nb4 {[%emt 0:02:00]} 21. Ne5 {
[%emt 0:00:47]} Bf3 {[%emt 0:01:24]} 22. Qxf3 {[%emt 0:04:53]} Nxe5 {[%emt 0:
00:02]} 23. Bxe5 {[%emt 0:00:03]} Qxa7 {[%emt 0:00:16]} 24. Rb7 {[%emt 0:01:10]
} Qa6 {[%emt 0:00:18]} 25. Qg4 {[%emt 0:00:06]} Bf8 {[%emt 0:00:25]} 26. Be4 {
[%emt 0:01:45]} Nd5 {[%emt 0:01:16]} 27. Qh5 {[%emt 0:00:31]} g6 {[%emt 0:00:
28]} 28. Bxg6 {[%emt 0:00:06]} 0-1

[Event "RUS-ch Rapid 2021"]
[Site "Sochi"]
[Date "2021.10.12"]
[Round "3.24"]
[White "Trushnikov, Sergey"]
[Black "Vlassow, Valentin"]
[Result "1/2-1/2"]
[WhiteElo "2525"]
[BlackElo "2238"]
[Annotator "TA"]
[PlyCount "50"]
[EventDate "2021.10.12"]
[EventType "swiss"]
[EventCountry "RUS"]
[SourceTitle "playchess.com"]
[Source "ChessBase"]
[SourceQuality "1"]

{[%evp 17,50,9,19,18,29,-56,-57,-60,-56,-47,-53,-71,-71,-68,-75,-84,0,0,0,0,
103,12,6,5,16,-16,-14,-25,-9,-14,-8,-29,-29,-29,-29]} 1. e4 Nf6 2. Nc3 d5 3. e5
d4 4. exf6 dxc3 5. fxg7 cxd2+ 6. Qxd2 Qxd2+ 7. Bxd2 Bxg7 8. O-O-O Nc6 9. Ne2
Bd7 10. Nf4 {B02: Alekhine's Defence: Chase Variation and lines with early Nc3.
} O-O-O 11. Nh5 {[#]} ({Better is} 11. Bc4 $11) 11... Bxb2+ $146 ({Predecessor:
} 11... Bd4 12. f3 Bf5 13. g4 Bg6 14. Nf4 e5 15. Nxg6 fxg6 16. Bd3 Rdf8 17. Be4
Nd8 {1-0 (31) Popchev,M (2316)-Mikicic,D (2146) Belgrade 2017}) 12. Kxb2 {
Threatens to win with h3.Black is slightly better.} Bg4 {[%csl LRd1,LRh5][%mdl
64] Double Attack} 13. f3 Bxh5 14. h4 {And now g4 would win.} Bg6 15. h5 Bf5
16. Bc4 f6 ({Black should try} 16... Rhg8 $17 17. g4 {[#]} Ne5 $1) 17. Bc3 $11
Rxd1 18. Rxd1 Rd8 (18... Bd7 $11) 19. Re1 (19. Rxd8+ $16 Kxd8 20. g4) 19... e5
20. g4 Bd7 21. Bd3 h6 22. Be4 Be6 23. Bxc6 bxc6 24. f4 Bxg4 25. fxe5 fxe5 {
Weighted Error Value: White=0.25/Black=0.20} 1/2-1/2

[Event "RUS-ch Rapid 2021"]
[Site "Sochi"]
[Date "2021.10.12"]
[Round "4.1"]
[White "Sarana, Alexey"]
[Black "Khegay, Dmitriy"]
[Result "1-0"]
[WhiteElo "2649"]
[BlackElo "2521"]
[Annotator "TA"]
[PlyCount "153"]
[EventDate "2021.10.12"]
[EventType "swiss"]
[EventCountry "RUS"]
[SourceTitle "playchess.com"]
[Source "ChessBase"]
[SourceQuality "1"]

{[%evp 15,153,26,27,15,48,31,39,52,55,54,50,48,51,49,48,35,49,35,92,90,95,90,
100,77,89,89,81,0,0,0,0,0,0,0,0,0,0,0,0,0,4,0,0,0,0,0,9,0,0,0,5,0,0,0,0,0,0,0,
3,0,12,0,18,22,225,-70,-70,-159,94,0,0,-180,0,0,0,0,0,0,0,0,0,0,0,0,0,0,0,0,0,
0,225,237,221,187,180,0,177,0,0,0,286,22,286,286,286,279,264,0,0,0,0,1528,
29942,11825,29952,29950,29954,29955,29955,29956,29953,29952,1177,7732,7732,
4903,419,0,29977,29978,29978,29979,29984,29985,29985,29986,29986,29987,29988,
29989]} 1. d4 Nf6 2. c4 e6 3. Nf3 d5 4. Nc3 Bb4 5. Bg5 Nbd7 6. cxd5 exd5 7. e3
c5 8. dxc5 Qa5 9. Rc1 {D38: Queen's Gambit Declined: Ragozin Defence (4 Nf3
Bb4).} Ne4 {[%cal Re4c3]} 10. Qxd5 Nxc3 11. bxc3 {White is slightly better.}
Bxc3+ 12. Kd1 $1 {Hoping for Qe4+.} O-O 13. Bc4 $1 {And now Be7 would win.} Nf6
14. Bxf6 Bxf6 15. Ke2 Be6 16. Qe4 Bxc4+ (16... Rae8 $1 $14) 17. Qxc4 $16 Rac8
18. Rhd1 Rfd8 {[#]} 19. Nd4 $146 ({Predecessor:} 19. Rxd8+ Qxd8 20. Nd4 g6 21.
a4 Kg7 22. Nb5 Qd7 23. Nxa7 Rd8 24. Nb5 Bb2 25. Rb1 {0-1 (67) Smirnov,P (2558)
-Aleksandrov,A (2609) Khanty-Mansiysk 2011}) 19... g6 20. a4 Be7 {[%cal Rc8c5]}
21. c6 (21. Nb3 $16 Qc7 22. Rxd8+ Qxd8 23. g3) 21... Qh5+ $11 22. Kf1 Rxc6 23.
Qb5 {[%cal Rb5h5]} Qxb5+ 24. axb5 Rxc1 25. Rxc1 {[%mdl 4096] Endgame KRB-KRN}
Bf6 26. Nb3 Rd5 27. Rc5 Rd1+ 28. Ke2 Rb1 29. Nd2 Rb2 30. Kd3 Kg7 31. g4 a6 32.
bxa6 bxa6 33. Rc6 a5 34. Ra6 Be7 35. f4 Bb4 36. Nf3 Rb3+ 37. Kd4 Ra3 38. Ra7 h6
39. g5 h5 (39... Rxe3 $11 40. Ne5 (40. gxh6+ Kxh6 41. Ne5 f5 $11) 40... Rh3)
40. Rc7 $2 (40. Ne5 $1 $18) 40... Bd6 $1 $15 {[%cal Rd6c7]} 41. Rd7 {[#]} ({
White should try} 41. Ra7 $15) 41... Bb4 $2 (41... Bxf4 $1 $17 {[%mdl 512]} 42.
exf4 Rxf3) 42. Rc7 (42. Ne5 $1 $16) 42... Bd6 $11 43. Rc6 {[#]} (43. Rd7 $1 $11
{and White stays safe.} Bxf4 44. exf4 Rxf3 45. Ke4) 43... Bb8 $2 (43... Bxf4 $1
$19 {[%mdl 512]} 44. exf4 Rxf3) 44. Ke4 Ba7 45. Nd4 Bxd4 46. exd4 {KR-KR} a4
47. d5 Ra1 48. Rc2 a3 49. Ke5 Rb1 50. Ra2 Rb3 51. Kd6 Kf8 52. Kc7 Ke8 $2 (52...
h4 $11 {and Black has nothing to worry.}) 53. Re2+ $18 Kf8 {White should
prevent ...Rb2.} 54. d6 {Black must now prevent d7.} Rc3+ 55. Kd8 $2 ({Better
is} 55. Kd7 $18) 55... Rd3 $2 (55... Rc6 $11 56. d7 f5) 56. d7 $2 (56. Kd7 $1
$18 {Threatens to win with Rc2.} Rc3 57. Re8+ Kg7 58. Ra8) 56... Rc3 $11 57. h4
(57. Re8+ {feels hotter.} Kg7 58. Ke7 Re3+ 59. Kd6 Rd3+ 60. Kc7) 57... Rc4 $2 {
[%mdl 8192]} (57... Rc1 $11 {and Black is okay.}) 58. Re8+ $1 $18 Kg7 59. Ke7
$1 Re4+ 60. Kd6 $1 Rd4+ 61. Kc6 $2 ({White must play} 61. Kc7 $1 $18 Rc4+ 62.
Kb6) 61... a2 $11 62. Re1 Rd2 $2 {[%mdl 8192]} (62... Rd3 $11) 63. Kc7 $18 Rc2+
64. Kd6 Rd2+ 65. Ke7 Re2+ 66. Rxe2 a1=Q 67. d8=Q Qa7+ 68. Qd7 $1 Qa3+ 69. Qd6
Qa7+ 70. Kd8 $1 Qa8+ 71. Kd7 $1 {Threatening mate with Qf6+.} ({Don't take} 71.
Ke7 Qb7+ 72. Qd7 Qb4+ 73. Kd8 Qa5+ 74. Qc7 Qa8+ 75. Kd7 Qa4+ 76. Ke7 Qa3+ 77.
Kd7 Qa4+ 78. Kd6 Qa6+ 79. Kc5 Qa3+ 80. Kd4 Qb4+ 81. Qc4 Qd6+ 82. Ke3 Qe7+ 83.
Kd2 Qb7 $18) 71... Qb7+ $2 {[%mdl 8192] [#]} (71... Qa4+ $11 72. Kc7 Qa7+ 73.
Kc8 Qa8+ 74. Qb8 Qc6+ 75. Qc7 Qa6+ {[%mdl 64] Double Attack} 76. Kd7 Qa4+ 77.
Kd6 Qxf4+ 78. Re5 Qa4) 72. Qc7 $1 {White mates.} Qb5+ 73. Ke7 Qb4+ {[#]} 74.
Kd8 $1 Qd4+ 75. Kc8 Qd3 76. Re7 Qa6+ 77. Qb7 {Weighted Error Value: White=0.32/
Black=0.39} 1-0

[Event "RUS-ch Rapid 2021"]
[Site "Sochi"]
[Date "2021.10.12"]
[Round "4.2"]
[White "Nesterov, Arseniy"]
[Black "Lysyj, Igor"]
[Result "1/2-1/2"]
[WhiteElo "2514"]
[BlackElo "2603"]
[Annotator "TA"]
[PlyCount "51"]
[EventDate "2021.10.12"]
[EventType "swiss"]
[EventCountry "RUS"]
[SourceTitle "playchess.com"]
[Source "ChessBase"]
[SourceQuality "1"]

{[%evp 26,36,25,9,31,0,0,0,0,0,0,0,0]} 1. d4 Nf6 2. c4 e6 3. Nf3 d5 4. Nc3 c5
5. cxd5 Nxd5 6. e4 Nxc3 7. bxc3 cxd4 8. cxd4 Bb4+ 9. Bd2 Bxd2+ 10. Qxd2 O-O 11.
Bc4 Nd7 12. O-O b6 13. Rfe1 Bb7 14. Rad1 Nf6 {D41: Queen's Gambit Declined:
Semi-Tarrasch with 5 cxd5.} 15. Qf4 Rc8 {The position is equal.} 16. Bb3 Qc7
17. Qxc7 Rxc7 18. d5 exd5 {[#] A rather calm draw.  Weighted Error Value:
White=0.10/Black=0.07} {Predecessor:} 19. exd5 $146 Rd7 20. Ne5 Rd6 21. Nc6 Re8
22. Rxe8+ Nxe8 23. Nxa7 Nc7 24. Nc6 Bxc6 25. dxc6 Rxd1+ 26. Bxd1 {1/2-1/2 (52)
Nesterov,A (2483)-Lysyj,I (2603) Chess.com INT 2021} 1/2-1/2

[Event "RUS-ch Rapid 2021"]
[Site "Sochi"]
[Date "2021.10.12"]
[Round "4.3"]
[White "Sjugirov, Sanan"]
[Black "Oganian, Miran"]
[Result "1-0"]
[WhiteElo "2663"]
[BlackElo "2441"]
[Annotator "TA"]
[PlyCount "141"]
[EventDate "2021.10.12"]
[EventType "swiss"]
[EventCountry "RUS"]
[SourceTitle "playchess.com"]
[Source "ChessBase"]
[SourceQuality "1"]

{[%evp 16,141,18,18,25,30,22,22,40,25,15,15,20,27,27,28,30,27,18,22,33,8,15,8,
13,0,25,15,22,0,2,-4,0,-4,18,18,18,20,20,20,20,18,16,19,24,16,45,22,30,14,14,0,
0,0,0,0,0,0,84,64,62,51,95,63,86,63,62,20,66,65,157,64,418,421,417,418,465,465,
465,458,463,428,487,487,531,511,989,921,982,950,916,745,772,767,1357,1342,1265,
1171,1798,1720,1867,1939,1884,1191,1008,0,2182,2182,2077,1817,1389,1322,2350,
1377,5197,4397,29979,29979,29980,29981,29979,29980,29981,29979,29990,29991,
29991,29992]} 1. e4 c5 2. Nf3 Nc6 3. Bb5 d6 4. O-O Bd7 5. Re1 Nf6 6. c3 a6 7.
Bf1 Bg4 8. d4 cxd4 9. cxd4 e5 {B51: Sicilian: Moscow Variation (3 Bb5+)
without 3...Bd7.} 10. Be3 exd4 ({Don't go for} 10... Nxe4 $2 11. d5 $18) 11.
Bxd4 Be7 {The position is equal.} 12. Nc3 Nxd4 13. Qxd4 {[#]} O-O $146 ({
Predecessor:} 13... Bxf3 14. gxf3 O-O 15. Rad1 Qa5 16. f4 Rad8 17. Qe3 d5 18.
e5 d4 19. Rxd4 Ng4 20. Rxd8 Nxe3 21. Rxf8+ Bxf8 22. fxe3 {0-1 (42) Kollars,D 
(2669)-Andriasian,Z (2862) Chess.com INT 2018}) 14. Rad1 Qa5 15. Qe3 Rfe8 16.
h3 Be6 17. Nd4 Rac8 18. Qg3 Bf8 (18... Bd8 {feels hotter.} 19. e5 dxe5 20. Rxe5
Qb6 21. Nxe6 Rxe6 22. Rxe6 Qxe6 23. Qf3 Rb8) 19. a3 Qb6 20. Rd2 Nh5 21. Qe3 Nf6
22. Qg3 g6 23. Qg5 Bg7 24. Qe3 Bc4 25. Bxc4 Rxc4 {[#]} 26. Nf5 $1 Qxe3 27. Nxe3
Rc6 28. f3 Nd7 29. Ncd5 a5 30. Red1 b5 31. Kf2 Kf8 32. h4 h5 33. Nf4 Nc5 34. b4
axb4 35. axb4 Na4 36. Ne2 Re6 (36... Nb2 $11 37. Rb1 Nc4 38. Nxc4 Rxc4) 37. Rd5
Nb2 38. Rb1 Rb6 39. Rc1 Re5 40. Rc8+ (40. Nf4 {with more complications.} Re8
41. Rc2 Na4 42. Nd1 Ke7 43. Rc7+) 40... Re8 41. Rc7 (41. Rc2 {looks sharper.}
Reb8 42. g3 Bf6 43. Rdd2 Nc4 44. Nd5) 41... Re7 42. Rc2 $36 {[%mdl 2048] White
has some pressure.} Ra7 {White leaves nothing to chance now.} (42... Nc4 $14)
43. Rdd2 (43. Rc8+ $16 Ke7 44. Rd2) 43... Rba6 $2 {[%mdl 8192]} (43... Nc4 $1
$14) 44. Rxb2 $18 Bxb2 45. Rxb2 Ra2 46. Rxa2 Rxa2 47. Nd5 Rb2 48. Ke3 Ke8 49.
g4 hxg4 50. fxg4 Kd7 (50... Rb1 $142 51. h5 Kf8) 51. h5 gxh5 52. gxh5 Ke8 53.
Nd4 Rh2 54. Nxb5 Kd7 55. Nd4 Kd8 56. Nf4 Ke7 57. Nf5+ Kf6 58. Nxd6 Rb2 59. Nd3
Rh2 60. Nf4 Rb2 $1 61. Nf5 Kg5 62. Nd3 Rb3 63. h6 {[#] Intending h7 and mate.}
Kg6 64. Kd4 f6 65. Nf4+ Kh7 66. Nd5 {White mates.} Kg6 67. Kc5 Rb1 68. b5 {
[%cal Bb4b5,Bb5b6,Bb6b7][%mdl 32]} Re1 69. b6 Rxe4 70. Nfe7+ Kxh6 71. b7 {
Weighted Error Value: White=0.20/Black=0.31} 1-0

[Event "RUS-ch Rapid 2021"]
[Site "Sochi"]
[Date "2021.10.12"]
[Round "4.4"]
[White "Makarian, Rudik"]
[Black "Alekseev, Evgeny"]
[Result "0-1"]
[WhiteElo "2470"]
[BlackElo "2602"]
[Annotator "TA"]
[PlyCount "134"]
[EventDate "2021.10.12"]
[EventType "swiss"]
[EventCountry "RUS"]
[SourceTitle "playchess.com"]
[Source "ChessBase"]
[SourceQuality "1"]

{[%evp 17,134,29,32,10,29,38,26,0,0,-4,44,28,21,-19,-20,-11,-14,-19,-12,-68,
-56,-82,-58,-94,-94,-94,-94,-106,-76,-74,-68,-77,-77,-85,-84,-75,-68,-68,-68,
-68,-70,-70,-70,-70,-71,-110,-91,-151,-141,-262,-258,-241,-152,-182,-152,-154,
-154,-266,-272,-275,-265,-265,0,-258,-244,-243,-229,-214,-145,-199,-145,-145,
-138,-280,-218,-287,-238,-307,-138,-140,-140,-304,-300,-275,-213,-206,-137,
-137,-137,-137,-133,-133,-133,-133,-133,-133,-131,-131,-131,-131,-131,-131,
-123,-116,-109,-133,-133,-133,-133,-133,-133,-133,-133,-133,-133,-133,-132,
-1522,-1002]} 1. d4 Nf6 2. c4 e6 3. g3 c5 4. d5 exd5 5. cxd5 d6 6. Nc3 g6 7.
Bg2 Bg7 8. Nf3 O-O 9. O-O Nbd7 {[%cal Bb8d7,Bd7e5,Be5c4][%mdl 32]} 10. a4 {
A62: Modern Benoni: Fianchetto Variation without early ...Nbd7.} Ng4 11. h3
Nge5 {[#]} 12. Ne4 $146 {White has an edge.} ({Predecessor:} 12. Ng5 Qe7 13. f4
Nc4 14. e4 Na5 15. Qc2 c4 16. Be3 Nb3 17. Rad1 Ndc5 18. e5 {1/2-1/2 (72)
Caruana,F (2652)-Alekseev,E (2715) Khanty-Mansiysk 2009}) 12... Nxf3+ 13. exf3
Ne5 14. f4 Nc4 15. Qb3 Na5 16. Qc2 Bf5 17. Bd2 Qb6 18. Bxa5 (18. Bc3 $11) 18...
Qxa5 $15 19. Rae1 Rae8 20. Qb3 Re7 21. Re3 Bxe4 22. Rxe4 Rxe4 23. Bxe4 Re8 24.
Bd3 Qd2 $1 25. Rd1 {[#]} Re1+ $1 ({But not} 25... Qxb2 $6 26. Qxb2 Bxb2 27. Rb1
$11) 26. Rxe1 Qxe1+ 27. Kg2 Qd2 28. Qc2 Qxc2 29. Bxc2 Bxb2 {[%mdl 4096]
Endgame KB-KB} 30. Bd3 Kf8 31. f5 {[#]} g5 $1 32. f4 ({White should try} 32.
Kf3) 32... gxf4 $17 33. gxf4 (33. g4 $17) 33... f6 $19 34. Kf3 Ke7 35. Ke2 Bc1
36. Kd1 Bxf4 37. Kc2 (37. a5 $17) 37... Kf7 38. Kd1 Kg7 39. Ke2 Kf7 40. Kd1 $1
Be5 41. Ke2 Ke7 42. Kd1 Kd7 43. Kc2 (43. a5 $17) 43... Kc7 (43... Ke8 $19 44.
a5 Kf7) 44. a5 $17 Kd7 45. Kb3 (45. Kd2 $17) 45... Bg3 46. a6 bxa6 47. Bxa6 Kc7
(47... Ke8 $19 {has better winning chances.} 48. Kc4 Kf7) 48. Bb5 Kd8 49. Ba6
$2 (49. Kc4 $17 {was called for.}) 49... Ke7 $19 50. Kc4 Kf7 51. Kd3 Be5 52.
Ke4 Ba1 53. Ke3 Bb2 54. Ke4 Bc1 55. Kf3 Ke7 56. Ke4 Kd7 57. Kd3 Kc7 58. Kc4 Kb6
59. Bb5 a5 60. Be8 Kc7 61. Kb5 Kd8 62. Bf7 Ke7 63. Bg8 h5 64. Kxa5 Kf8 65. Bh7
Kg7 66. Bg6 Kh6 67. h4 $2 {[%mdl 8192]} (67. Kb5 $17) 67... Bf4 {Weighted
Error Value: White=0.21/Black=0.18} 0-1